[Event "Oberbayern Bezirksliga 1718"]
[Site "Germany"]
[Date "2018.03.18"]
[Round "8.6"]
[White "Wurster, Axel"]
[Black "Baumgartner, Jakob"]
[Result "0-1"]
[WhiteElo "1933"]
[BlackElo "1747"]
[PlyCount "58"]
[EventDate "2017.10.22"]
[EventType "team-tourn"]
[EventRounds "9"]
[EventCountry "GER"]
[SourceTitle "EXT 2019"]
[Source "ChessBase"]
[SourceDate "2018.10.10"]
[SourceVersion "1"]
[SourceVersionDate "2018.10.10"]
[SourceQuality "1"]
[WhiteTeam "Gauting"]
[BlackTeam "Dorfen"]
[WhiteTeamCountry "GER"]
[BlackTeamCountry "GER"]

1. d4 d5 2. c4 e6 3. Nc3 c6 4. Nf3 f5 5. g3 Bd6 6. Bg2 Nf6 7. Ne5 Nbd7 8. f4 0-0 9. Qc2 Ne4 10. Nxe4 fxe4 11. Bd2 Nxe5 12. dxe5 Be7 13. Qb3 b6 14. Kf2 Ba6 15. cxd5 cxd5 16. Rhd1 Bc5+ 17. Be3 Bc4 18. Qc3 Qe7 19. Rac1 Rac8 20. b3 Ba6 21. Bxc5 Rxc5 22. Qb4 Bxe2 23. Kxe2 Rc2+ 24. Qd2 Rxd2+ 25. Rxd2 g5 26. Ke3 gxf4+ 27. gxf4 Qh4 28. Rf2 d4+ 29. Ke2 Rxf4 0-1

[Event "Oberbayern Bezirksliga 1718"]
[Site "Germany"]
[Date "2017.10.22"]
[Round "1.8"]
[White "Richter, Klaus"]
[Black "Baumgartner, Jakob"]
[Result "1-0"]
[WhiteElo "1920"]
[BlackElo "1747"]
[PlyCount "29"]
[EventDate "2017.10.22"]
[EventType "team-tourn"]
[EventRounds "9"]
[EventCountry "GER"]
[SourceTitle "EXT 2019"]
[Source "ChessBase"]
[SourceDate "2018.10.10"]
[SourceVersion "1"]
[SourceVersionDate "2018.10.10"]
[SourceQuality "1"]
[WhiteTeam "Neuburg"]
[BlackTeam "Dorfen"]
[WhiteTeamCountry "GER"]
[BlackTeamCountry "GER"]

1. e4 e6 2. d4 d5 3. Nc3 Nf6 4. Bg5 Be7 5. e5 Nfd7 6. h4 a6 7. Qg4 f6 8. Bf4 Kf7 9. Nf3 Rf8 10. Bd3 f5 11. Qh5+ Kg8 12. Ng5 Bxg5 13. hxg5 h6 14. gxh6 Qe8 15. hxg7 1-0

[Event "Regionalliga SO 9798"]
[Site "Bayern"]
[Date "1998.??.??"]
[Round "?.7"]
[White "Baumgartner, Jakob"]
[Black "Bauer, Robert"]
[Result "1/2-1/2"]
[WhiteElo "1795"]
[BlackElo "1985"]
[PlyCount "76"]
[EventDate "1997.10.19"]
[EventType "team-tourn"]
[EventRounds "9"]
[EventCountry "GER"]
[SourceTitle "EXT 2020"]
[Source "ChessBase"]
[SourceDate "2019.10.17"]
[SourceVersion "1"]
[SourceVersionDate "2019.10.17"]
[SourceQuality "1"]
[WhiteTeam "Dorfen PSV"]
[BlackTeam "Freising SK"]
[WhiteTeamCountry "GER"]
[BlackTeamCountry "GER"]

1. e4 d5 2. exd5 Nf6 3. Bb5+ Nbd7 4. Nc3 g6 5. Nf3 Bg7 6. d4 0-0 7. Bg5 Nb6 8. 0-0 Nbxd5 9. Nxd5 Qxd5 10. Be2 Bg4 11. c4 Qd6 12. Qd3 c6 13. Rad1 Qc7 14. Rfe1 h6 15. Bh4 Nh5 16. Qe4 Qf4 17. Qxf4 Nxf4 18. Kf1 Nxe2 19. Rxe2 Bxf3 20. gxf3 e6 21. d5 cxd5 22. cxd5 exd5 23. Rxd5 Rfe8 24. Rd7 Rxe2 25. Kxe2 b5 26. b3 a6 27. Rd6 Be5 28. Rc6 Kg7 29. Bg3 Bf6 30. Bf4 g5 31. Be3 Be5 32. h3 f6 33. Kd3 Kg6 34. Ke4 Bb2 35. f4 Kh5 36. fxg5 hxg5 37. Kf5 b4 38. Rc7 Rh8 1/2-1/2